| 000 | 00477nam a22001817a 4500 | ||
|---|---|---|---|
| 003 | PILC | ||
| 005 | 20160126141651.0 | ||
| 008 | 121116t xxu||||| |||| 00| 0 eng d | ||
| 020 | _a1863888594 | ||
| 050 |
_aPZ 7 _b.M379 1998 |
||
| 082 |
_aFIC M36fi _b1998 |
||
| 100 | _aMartin, S.R | ||
| 245 |
_aThe figment _cby S.R Martin: illustrated by Barry Olive |
||
| 260 |
_aAustralia _bScholastic Inc. _c1998 |
||
| 300 |
_b18 cm _c71 pages. |
||
| 942 |
_2lcc _cBK |
||
| 999 |
_c11635 _d11635 |
||